Ličnoje podsobnoje chozjajstvo v uslovijach agropromyšlennoj integracii

Enregistré dans:
Détails bibliographiques
Format: Livre
Langue:russe
Publié: Moskva Nauka 1988
Édition:1. izd.
Tags: Ajouter un tag
Pas de tags, Soyez le premier à ajouter un tag!

MARC

LEADER 00000nam a2200000 4500
001 c032020
005 20250108090613.9
041 0 |a rus 
044 |a RU 
245 1 0 |a Ličnoje podsobnoje chozjajstvo v uslovijach agropromyšlennoj integracii  |c Red. V.B. Ostrovskij 
250 |a 1. izd. 
264 1 |a Moskva  |b Nauka  |c 1988 
300 |a 157 s.